000 00820nam a22001817a 4500
999 _c56731
_d56731
003 Ge_BSU
005 20190421015959.0
008 190410b2006 ge ||||| |||| 00| 0 geo d
041 _ageo
080 _a347.763(479.22) ა-34
245 _aავტოსატრანსპორტო სამართალი :
_bგზამკვლევი ცვლილებებითა და დამატებებით 2006 წლის 10 მარტამდე.
264 _aთბილისი :
_bბონა კაუზა,
_c2006.
300 _a160 გვ. ;
_c20 სმ.
490 _aიურისტის ბიბლიოთეკა
653 _aსამართალი
653 _aავტოსატრანსპორტო სამართალი
942 _2udc
_cBK